书目信息 |
| 题名: |
结构生物学
|
|
| 作者: | 穆迪 | |
| 分册: | ||
| 出版信息: | 北京 科学出版社 2011 |
|
| 页数: | 434 | |
| 开本: | 29cm | |
| 丛书名: | ||
| 单 册: | ||
| 中图分类: | Q61 | |
| 科图分类: | ||
| 主题词: | 理论生物物理学 | |
| 电子资源: | ||
| ISBN: | 7-03-032477-1 | |
| 000 | 00504nam0 2200181 450 | |
| 001 | 1735846483 | |
| 005 | 20170410095726.48 | |
| 010 | @a7-03-032477-1@b精装@d¥145.00 | |
| 100 | @a20170410d km y0chiy0120 ea | |
| 101 | 0 | @achi |
| 200 | 1 | @a结构生物学@Ajie gou sheng wu xue@f穆迪@Fmu di |
| 210 | @a北京@c科学出版社@d2011 | |
| 215 | @a434@d29cm | |
| 606 | 0 | @a理论生物物理学 |
| 690 | @aQ61@v4 | |
| 701 | 0 | @a穆迪@Amu di |
| 801 | 0 | @aCN@b大连网信软件有限公司图书馆·11@c20170410 |
| 905 | @b6604336@dQ61@en4@f1 | |
| 结构生物学/穆迪.-北京:科学出版社,2011 |
| 434;29cm |
| ISBN 7-03-032477-1(精装):¥145.00 |
| ● |
| 相关链接 |
|
|
|
|
正题名:结构生物学
索取号:Q61/n4
 
预约/预借
| 序号 | 登录号 | 条形码 | 馆藏地/架位号 | 状态 | 备注 |
| 1 | 6604336 | 266043364 | 密集书库-生命科学系/ [索取号:Q61/n4] | 在馆 |